000 00777nam a22001577a 4500
003 OSt
005 20150916102645.0
008 150916b xxu||||| |||| 00| 0 eng d
040 _cRUA
082 _aAGR CHA 2002 B027 Or.1
100 _9572
_aCHAN,TITHLINA.
245 _aa study of farmer action research on rice plant in kvan meas village, putsor commune, bati district, takeo province( ការសិក្សាអំពីការពិសោធន៍ស្រាវជ្រាវដោយកសិករ ទៅលើដំណាំស្រូវ​ នៅភូមិក្វាន់មាស ឃុំពត់សរ ស្រុកបាទី​ខេត្តតាកែវ)
260 _aPhnom Penh
_bRUA
_c2002
300 _a32p.
_bill.
_c29cm.
942 _2ddc
_cAGR
999 _c549
_d549